| 000 | 00952cad a22002535a 4500 | ||
|---|---|---|---|
| 001 | L159441 | ||
| 008 | 170608s2016 xxk f 000 0 eng d | ||
| 020 | _a9781315651576 | ||
| 035 | _a(Sirsi) u159441 | ||
| 041 | 0 | _aeng | |
| 050 | 0 | 4 | _a658.26 $2 18 |
| 100 | 1 | _aHarris, Douglas | |
| 245 | 0 | 2 |
_aA guide to energy management in buildings _h[electronic resource] |
| 250 | _a2nd ed. | ||
| 260 |
_aOxon _bRoutledge _c2017 |
||
| 520 | _aDiscusses how the energy consumption of a building can be assessed or estimated through an energy audit. It details a range of interventions to reduce energy use and outlines methods of assessing the cost-effectiveness of such measures. | ||
| 650 | 2 | 4 | _aEBOOK |
| 650 | 2 | 4 | _aENERGY CONSUMPTION |
| 651 | 4 |
_aUnited Kingdom _y |
|
| 690 |
_aEnergy _96237 |
||
| 690 |
_aSustainability _96271 |
||
| 856 | 4 | 0 |
_uhttps://www.vlebooks.com/ _zView on VLEbooks. Logins for members only from [email protected] |
| 942 | _n0 | ||
| 999 |
_c115902 _d115902 |
||